000 00710nam a2200253Ia 4500
003 OSt
005 20220918203306.0
006 a|||||r|||| 00| 0
007 ta
008 220917b |||||||| |||| 00| 0 eng d
024 _a107,316
037 _cTextual
040 _aARTS
_cARTS
_beng
041 _2eng
_aeng
082 _aV41:51.N7, L8
100 _aLotta Raymond
_9107798
245 0 _aAnd Mao makes 5
_b Mao Tsetung's last great battle
260 _aChicago
_bBanner Press
_c1978
300 _avi, 522p.
_ccm.
500 _aBibliography p399-424; Appendix p425-522 (1-9)
650 _aHISTORY
942 _hV41:51.N7, L8
_cTEXL
_2CC
999 _c230674
_d230674